| 000 | 00450nam a22001577a 4500 | ||
|---|---|---|---|
| 003 | MACL | ||
| 005 | 20241019135400.0 | ||
| 008 | 241019b |||||||| |||| 00| 0 eng d | ||
| 040 | _cMACL | ||
| 082 |
_a370 _bEducation |
||
| 100 |
_aJha, Deepankar _982536 |
||
| 245 | _aCTET central teacher eligibility test solved papers 2024-2014 PAPER 1 CLASS I-V (primary level) | ||
| 260 |
_bARIHANT _c2024 _aNew Delhi |
||
| 650 | _aEDUCATION | ||
| 942 |
_2ddc _cBK |
||
| 999 |
_c67145 _d67145 |
||